000 00569nam a22001577a 4500
003 NUST
038 _aNusrat Nadeem
082 _a200
100 _aKhan, Samita
_9130543
245 _aThe effect of employee enviropreneurial orientation on sustainable manufacturing: The role of internal and external drivers/
_cSamita Khan,
264 _aIslamabad:
_bNBS NUST.
_c2025.
650 _aMS- Innovation and Entrepreneurship
_9114384
700 _aSupervisor: Dr. Adnan Waseem
_9120108
856 _uhttp://10.250.8.41:8080/xmlui/handle/123456789/54483
942 _2ddc
_cSC
999 _c614737
_d614737